Arabic Country names - Statistics

General Stats
  • This quiz has been taken 32 times
  • The average score is 21 of 22
Answer Stats
Arabic English % Correct
مصر Egypt
100%
عمان Oman
100%
قطر Qatar
100%
المملكة العربية السعودية Saudi Arabia
100%
البحرين Bahrain
96%
الكويت Kuwait
96%
ليبيا Libya
96%
المغرب Morocco
96%
الصومال Somalia
96%
السودان Sudan
96%
سوريا Syria
96%
تونس Tunisia
96%
الإمارات العربية المتحدة UAE
96%
الجزائر Algeria
93%
العراق Iraq
93%
الأردن Jordan
93%
لبنان Lebanon
93%
موريتانيا Mauritania
93%
فلسطين Palestine
93%
اليمن Yemen
93%
جيبوتي Djibouti
89%
جزر القمر Comoros
64%
No matching quizzes found
Score Distribution
Percent of People with Each Score
Percentile by Number Answered
Your Score History
You have not taken this quiz